00921nam a22002417a 450000500170000001000110001702000100002803500110003803700160004904000120006508200170007710000280009424500760012226000820019827000350028030000230031550000510033865000210038965000370041094200260044799900190047395201870049220170124110132.0 a690846 c00.00 a690846 bCen Lib/Ret aDPLbEN a658.315bALE aAlexander, K. C.932333 aParticipative management :cby K. C. Alexanderbthe Indian experience / aNew DelhibShri Ram Centre For Industrial Relations And Human Resourcesc1972 a5 Pusa RoadbNew Delhie110005 avi,132p.c22cm(Hb) aIncludes bibliographical references and index  aManagement93072 aParticipative management 932334 2ddccENh658.315mALE c131637d131637 04104070aLbLd2015-07-15eCen Lib/Retg0.00l0o658.315 ALEp690846r2015-07-15 00:00:00t1v0.00w2015-07-15yENzWritten off on approval by DLB (By Circulation); dtd 15-06-2023